000 00599cam a22002053a 4500
001 45138
003 PGUSA
005 20140828084031.0
008 140315s2014||||xxu|||||s|||||000 | eng d
040 _aPGUSA
_beng
042 _adc
100 1 _aHead, Francis Bond
245 1 0 _aBubbles from the Brunnens of Nassau :
_bBy an Old Man.
_h[electronic resource] /
_cFrancis Bond Head
260 _bProject Gutenberg,
_c2014
506 _aPublic domain in the USA.
516 _aElectronic text
830 0 _aProject Gutenberg
_v45138
856 4 0 _uhttp://www.gutenberg.org/ebooks/45138
942 _cEB
999 _c274389
_d274389